Berpawang dan bersahabat dengan jin : daripada perspektif Islam

Bibliographic Details
Main Author: Jahid Haji Sidek (Author)
Format: Book
Language:Malay
Published: Kuala Lumpur : Utusan Publications & Distributors Sdn. Bhd , 2004
Series:Siri Islam dan masyarakat
Subjects:

MARC

LEADER 00000cam a2200000 7i4500
001 0000043513
005 20170517093000.0
008 071219s2004 my may
020 |a 9676115878 
020 |a 9789676115874 
090 0 0 |a BP166.89   |b .J34 2004 
100 0 |a Jahid Haji Sidek ,   |e author 
245 1 0 |a Berpawang dan bersahabat dengan jin :   |b daripada perspektif Islam   |c Jahid Sidek 
260 |a Kuala Lumpur :   |b Utusan Publications & Distributors Sdn. Bhd ,   |c 2004 
300 |a viii, 172 p. ;   |c 22 cm. 
440 0 |a Siri Islam dan masyarakat 
500 |a "Pengamal perubatan traditional, ahli tasawuf dan masyarakat Melayu (Islam) sering kali keliru antara yang hak dan batil..." -- Cover 
504 |a Includes bibliographical references (p. 169) 
650 0 |a Jinn 
650 0 |a Jinn   |x Religious aspects   |x Islam 
650 0 |a Magic   |x Religious aspects   |x Islam 
650 0 |a Occultism   |x Religious aspects   |x Islam 
999 |a 1000107048   |b Book   |c OPEN SHELF (30 DAYS)   |e Gong Badak Campus